000 00379nam a22001337a 4500
999 _c535202
_d535202
020 _a9789339204570
040 _cMSOHAIL
082 _2620.11
_bSMI
100 _aWilliam F. Smith; Javad Hashem; Ravi Prakash
_929648
245 _aMaterials Science and Engineering, (In SI Units) - 5th edi
260 _aMcGraw-Hill Education
_cc2014
300 _a947;p
942 _2ddc
_cBK
_e5th